Statistiques concernant Football - Tous les joueurs de PL - 2023/2024 (Sans Yellow Box) - Prt1

Cliquez ici pour prendre le quiz!

Statistiques générales

  • Ce quiz a été pris 24 fois
  • Le résultat moyen est 147 sur 494

Statistiques - réponses

ClubAnnée naissanceNationalitéPosteJoueur% Correct
MCI1993BrésilGEderson
95%
WOL1993PortugalGJose Sa
90%
MCI1991BelgiqueMOCKevin De Bruyne
90%
MCI2000AngleterreMOC/ADPhil Foden
90%
MCI1996EspagneMDCRodri
90%
MCI1997PortugalDCRuben Dias
90%
MCI1994PortugalMOC/ADBernardo Silva
85%
ARS2001AngleterreADBukayo Saka
85%
WHU1997MexiqueMDCEdson Alvarez
85%
MCI2000NorvègeACErling Haaland
85%
MCI2000ArgentineACJulian Alvarez
85%
FFC1977PortugalCoachMarco Silva
85%
CHE1984BrésilDCThiago Silva
85%
ARS1998AngleterreGAaron Ramsdale
80%
CHE2002AngleterreMOCCole Palmer
80%
BFC2002Cote d'IvoireACDavid Datro Fofana
80%
ARS1997BrésilDCGabriel
80%
ARS1997BrésilACGabriel Jesus
80%
MCI1995AngleterreAGJack Grealish
80%
MCI1994AngleterreDCJohn Stones
80%
MCI2002CroatieDC/DGJosip Gvardiol
80%
MCI1990AngleterreDDKyle Walker
80%
MCI1995SuisseDCManuel Akanji
80%
ARS1998NervègeMOCMartin Odegaard
80%
MCI1995Pays-BasDCNathan Aké
80%
ARS1996UkraineDGOleksandr Zinchenko
80%
CHE2000FranceDCWesley Fofana
80%
ARS2001FranceDCWilliam Saliba
80%
LIV1992BrésilGAlisson
75%
EVE2001BelgiqueMDCAmadou Onana
75%
MUFC1996CamerounGAndre Onana
75%
LIV1994EcosseDGAndrew Robertson
75%
MUFC1995FranceACAnthony Martial
75%
CHE2001FranceDCBenoit Badiashile
75%
AVFC1992ArgentineGEmiliano Martinez
75%
CHE2001ArgentineMCEnzo Fernandez
75%
MUFC1993AngleterreDCHarry Maguire
75%
TOT1992Corée du SudAG/BUHeung-Min Son
75%
MCI2002BelgiqueAGJeremy Doku
75%
LIV1997AngleterreDCJoe Gomez
75%
ARS1991ItalieMCJorginho
75%
MUFC1998ArgentineDCLisandro Martinez
75%
CHE2003FranceDDMalo Gusto
75%
MUFC1997AngleterreAG/ACMarcus Rashford
75%
MCI1994CroatieMCMatteo Kovacic
75%
LIV1992EgypteADMohamed Salah
75%
CHE2001SénégalACNicolas Jackson
75%
CHE1997EspagneGRobert Sanchez
75%
MCI2000EspagneDGSergio Gomez
75%
MCI1992AllemagneGStefan Ortega
75%
LIV1991Pays-BasDCVirgil Van Dijk
75%
MUFC2000BrésilADAntony
70%
CHE1998FranceDCAxel Disasi
70%
ARS1997AngleterreDDBen White
70%
MUFC1994PortugalMOCBruno Fernandes
70%
MUFC1992DanemarkMCChristian Eriksen
70%
CHE1997FranceMOC/ACChristopher Nkunku
70%
LIV1999Pays-BasAGCody Gakpo
70%
LIV1999UruguayACDarwin Nunez
70%
ARS1995EspagneGDavid Raya
70%
ARS1999AngleterreMDCDeclan Rice
70%
ARS2001BrésilAGGabriel Martinelli
70%
LIV1991CamerounDCJoel Matip
70%
ARS1994BelgiqueAGLeandro Trossard
70%
MCI1998PortugalMCMatheus Nunes
70%
NFO2000AngleterreMOCMorgan Gibbs-White
70%
CHE2001UkraineADMykhaylo Mudryk
70%
MCI2003NorvègeAD/MOCOscar Bobb
70%
CHE1999AngleterreDDReece James
70%
MCI2004AngleterreDDRico Lewis
70%
LIV1998ArgentineMCAlexis Mac Allister
65%
CHE1996AngleterreDGBen Chilwell
65%
AVFC1999FranceMDCBoubacar Kamara
65%
MUFC1992BresilMDCCasemiro
65%
LIV2003AngleterreMC/MOCHarvey Elliot
65%
LIV1999FranceDCIbrahima Konate
65%
ARS1999AllemagneMC/MOCKai Havertz
65%
AVFC1993FranceDGLucas Digne
65%
LIV1997ColombieAGLuiz Diaz
65%
CHE2001EquateurMDCMoises Caicedo
65%
AVFC1999FranceADMoussa Diaby
65%
MUFC1993FranceDCRaphaël Varane
65%
MUFC1996EcosseMDCScott McTominay
65%
ARS1998JaponDDTakehiro Tomiyasu
65%
ARS1993GhanaMDCThomas Partey
65%
LIV1998AngleterreDDTrent Alexander Arnold
65%
LIV1993JaponMDCWataru Endo
65%
MUFC2004ArgentineAGAlejandro Garnacho
60%
MUFC1999PortugalDDDiogo Dalot
60%
LIV2000HongrieMCDominik Szoboszlai
60%
ARS1999AngleterreACEddie Nketiah
60%
LIV1996GrèceDGKonstantinos Tsimikas
60%
CHE2003AngleterreDCLewi Colwill
60%
MUFC1995AngleterreDGLuke Shaw
60%
CHE1999FranceDCMalang Sarr
60%
CHE1998EspagneDGMarc Cucurella
60%
MUFC1999AngleterreMOCMason Mount
60%
ARS1982EspagneCoachMikel Arteta
60%
AVFC1995AngleterreACOllie Watkins
60%
TOT2002SénégalMCPape Matar Sarr
60%
MCI1971EspagneCoachPep Guardiola
60%
CHE1994AngleterreADRaheem Sterling
60%
TOT1997BrésilACRicharlison
60%
CHE2004BelgiqueMDCRomeo Lavia
60%
LIV1991EspagneMCThiago
60%
MUFC1994SuèdeDCVictor Lindelof
60%
MUFC1997AngleterreDDAaron Wan-Bissaka
55%
NUFC1999SuèdeACAlexander Isak
55%
CHE2000AngleterreMCConor Gallagher
55%
TOT1998ArgentineDCCristian Romero
55%
ARS2000AngleterreMOCEmile Smith Rowe
55%
ARS2000PortugalMOCFabio Vieira
55%
LIV1967AllemagneCoachJurgen Klopp
55%
MUFC2005AngleterreMCKobbie Mainoo
55%
AVFC1997PologneDDMatty Cash
55%
ARS1992EgypteMCMohamed Elneny
55%
CHE2002AngleterreAGNoni Madueke
55%
MUFC1996MarocMDCSofyan Amrabat
55%
TOT1996MaliMCYves Bissouma
55%
AFCB1991AngleterreDDAdam Smith
50%
WHU1993FranceGAlphonse Areola
50%
LIV2001AngleterreMCCurtis Jones
50%
LIV1996PortugalAG/ACDiogo Jota
50%
MUFC1970Pays-BasCoachErik Ten Hag
50%
ARS2000PologneDGJakub Kiwior
50%
BHA1997JaponAGKaoru Mitoma
50%
WHU1994FranceDCKurt Zouma
50%
AVFC1997JamaïqueAGLeon Bailey
50%
CHE1972ArgentineCoachMauricio Pochettino
50%
TOT2001Pays-BasDCMicky Van de Ven
50%
TOT1999EspagneDDPedro Porro
50%
MUFC2003DanemarkACRasmus Hojlund
50%
LIV2002Pays-BasMCRyan Gravenberch
50%
MCI1985AngleterreGScott Carson
50%
MUFC1999Pays-BasDGTyrell Malacia
50%
MUFC2002Cote d'IvoireADAmad Diallo
45%
NUFC1997BrésilMDCBruno Guimaraes
45%
TOT2001EspagneADBryan Gil
45%
LIV1998IrlandeGCaoimhin Kelleher
45%
TOT2000SuèdeADDejan Kulusevski
45%
CHE1999CroatieGDjordje Petrovic
45%
AVFC1998BrésilMCDouglas Luiz
45%
TOT1996ItalieGGuglielmo Vicario
45%
EVE1989SenegalMCIdrissa Gueye
45%
TOT1996AngleterreMOCJames Maddison
45%
AVFC1994EcosseMCJhon McGinn
45%
ARS2001Pays-BasDC/DGJurrien Timber
45%
ARS1999AngleterreADReiss Nelson
45%
TOT1997UruguayMCRodrigo Bentancur
45%
CHE1999AngleterreDCThevoh Chalobah
45%
FFC1996EspagneADAmada Traoré
40%
NUFC2001AngleterreAGAnthony Gordon
40%
WOL2001MaliMDCBoubacar Traoré
40%
TOT2002NigériaDGDestiny Udogie
40%
AVFC1993BrésilDCDiego Carlos
40%
BHA2004IrlandeACEvan Ferguson
40%
MUFC1988Irlande du nordDCJonny Evans
40%
NUFC1990AngleterreDDKieran Trippier
40%
CHE2004FranceMDCLesley Ugochukwu
40%
BHA1991AngleterreDCLewis Dunk
40%
WHU1997BrésilMOC/AGLucas Paqueta
40%
WHU1990JamaïqueACMichail Antonio
40%
CRY2000AngleterreDCNathan Ferguson
40%
AVFC1997EspagneDCPau Torres
40%
BHA1998EquateurDGPernis Estupinan
40%
BHA1979ItalieCoachRoberto De Zerbi
40%
NUFC2000Pays-BasDCSven Botman
40%
AVFC1971EspagneCoachUnai Emery
40%
AVFC1997BelgiqueMCYouri Tielemans
40%
BFC2003AngleterreMOCAaron Ramsey
35%
LIV1987EspagneGAdrian
35%
TOT1993Pays de GallesDGBen Davies
35%
WHU2000AngleterreDDBen Johnson
35%
TOT2001Pays de GallesAD/ACBrennan Johnson
35%
ARS1991PortugalDDCedric Soares
35%
CHE2003ItalieMCCesare Casadei
35%
CRY1997AngleterreGDean Henderson
35%
WHU1994ItalieDGEmerson
35%
TOT1999BrésilDDEmerson Royal
35%
AVFC1997AngleterreDCEzri Konsa
35%
NUFC1991SuisseDCFabian Schar
35%
TOT1996ArgentineMOCGiovani Lo Celso
35%
AVFC2001AngleterreMCJacob Ramsey
35%
LIV2003AngleterreDCJarell Quansah
35%
BHA2001BrésilAC/AGJoao Pedro
35%
EVE1994AngleterreGJordan Pickford
35%
WHU1985PologneGLukasz Fabianski
35%
TOT1999IsraëlAGManor Salomon
35%
NUFC1994ParaguayADMiguel Almiron
35%
WHU2000GhanaMOC/ADMohamed Kudus
35%
WHU1996MarocDCNayef Aguerd
35%
NUFC1992AngleterreGNick Pope
35%
LIV2004EspagneMDCStefan Bajcetic
35%
TOT1998AllemagneAC/AGTimo Werner
35%
WHU1995Republique TchèqueMDCTomas Soucek
35%
AVFC1993AngleterreDCTyrone Mings
35%
EVE1993PortugalMCAndré Gomes
30%
BHA2002Pays-BasGBart Verbruggen
30%
LIV2005EcosseADBen Doak
30%
LIV2003AngleterreDDConor Bradley
30%
CRY1998AngleterreMOCEberechi Eze
30%
AVFC1996ArgentineADEmiliano Buendia
30%
NUFC1993AnglaisDCJamaal Lascelles
30%
WHU1996AngleterreAGJaren Bowen
30%
WOL2001PortugalMCJoao Gomes
30%
NUFC1996BrésilMCJoelinton
30%
WHU1997GrèceDCKonstantinos Mavropanos
30%
CRY2001FranceAD/MOCMichael Olise
30%
AVFC1999ItalieMOCNicolo Zaniolo
30%
NFO1974PortugalCoachNuno Esperito Santo
30%
TOT1995DanemarkMDCPierre-Emile Hojbjerg
30%
EVE1999UkraineDGVitaliy Mykolenko
30%
WHU1988ItalieDCAngelo Ogbonna
25%
BHA2002EspagneAGAnsu Fati
25%
BRE1999CamerounAD/ACBryan Mbeumo
25%
NUFC1992AngleterreACCallum Wilson
25%
NFO1991AustralieACChris Wood
25%
AVFC1995FranceDCClément Lenglet
25%
EVE1996AngleterreMOCDele Alli
25%
EVE1997AngleterreACDominic Calvert-Lewin
25%
NUFC1977AngleterreCoachEddie Howe
25%
FFC1997Pays de GallesADHarry Wilson
25%
NUFC1997AngleterreAGHarvey Barnes
25%
BHA1986AngleterreMCJames Milner
25%
CRY1997FranceACJean-Philippe Mateta
25%
AVFC2003ColombieACJhon Duran
25%
NUFC2004AngleterreDGLewis Hall
25%
NUFC1989SlovaquieGMartin Dubravka
25%
WHU1996Cote d'IvoireAGMaxwel Cornet
25%
NFO2001Pays de GallesDGNeco Williams
25%
WOL1993PortugalDDNelson Semedo
25%
BHA1991AllemagneMCPascal Gross
25%
TOT2002RoumanieDCRadu Dragusin
25%
LIV2001AngleterreDCRhys Williams
25%
AVFC1990SuèdeGRobin Olsen
25%
NUFC2000ItalieMDCSandro Tonali
25%
EVE1988IrlandeDDSeamus Coleman
25%
NUFC1997AngleterreMCSean Longstaff
25%
BRE1996EspagneDGSergio Reguilon
25%
BHA2000GhanaDDTariq Lamptey
25%
MUFC1986AngleterreGTom Heaton
25%
BRE1996RDCAG/ACYoane Wissa
25%
EVE1993MaliMCAbdoulaye Doucoure
20%
AVFC1993EspagneDGAlex Moreno
20%
MUFC1998TurquieGAltay Bayindir
20%
TOT1965AustralieCoachAnge Postecoglou
20%
FFC2001AlbanieACArmando Broja
20%
EVE1985AngleterreDGAshley Young
20%
BHA2001AngleterreMDCBilly Gilmour
20%
BHA2004CamerounMDCCarlos Baleba
20%
CHE2003AngleterreMCCarne Chukwuemeka
20%
CRY2000MaliMDCCheick Doucoure
20%
NUFC1992AngleterreDGDan Burn
20%
BHA1990AngleterreACDanny Welbeck
20%
FFC1997FranceDCIssa Diop
20%
BRE1996AngleterreACIvan Toney
20%
CRY1996DanemarkDCJoachim Andersen
20%
CRY1989AngleterreDDJoel Ward
20%
NUFC1999AngleterreMCJoe Willock
20%
CRY1991GhanaAC/2ndJordan Ayew
20%
BRE1998AngleterreMCJosh Dasilva
20%
WHU1995AngleterreMDCKalvin Phillips
20%
ARS2002EstonieGKarl Hein
20%
NUFC1993AllemagneGLoris Karius
20%
WOL1993GabonMDCMario Lemina
20%
BRE1993Pays-BasGMark Flekken
20%
CRY1991AngleterreDDNathaniel Clyne
20%
WOL2005FranceMOCNoah Lemina
20%
CRY1998FranceACOdsonne Edouard
20%
WOL2001AlgérieDGRayan Aït-Nouri
20%
TOT2000AngleterreMGRyan Sessegnon
20%
BHA2002Cote d'IvoireAG/ADSimon Adingra
20%
NUFC2002AngleterreDDTino Livramento
20%
WHU1992Republique TchèqueDDVladimir Coufal
20%
FFC1996NigeriaMOCAlex Iwobi
15%
FFC1996BrésilMOCAndreas Pereira
15%
FFC1997Etats-UnisDGAntonee Robinson
15%
EVE1997Pays-BasAGArnaut Danjuma
15%
EVE1998PortugalACBeto
15%
AFCB2002Burkina FasoADDango Ouattara
15%
WHU1992AngleterreACDanny Ings
15%
CHE2005BrésilACDeivid Washington
15%
CHE2004BrésilADDiego Moreira
15%
AFCB1997AngleterreACDominic Solanke
15%
NUFC2002EcosseMCElliot Anderson
15%
AFCB1997TurquieACEnes Unal
15%
WOL1996Corée du SudACHee-Chan Hwang
15%
NFO1997Cote d'IvoireMDCIbrahim Sangare
15%
WHU1994AngleterreMCJames Ward-Prowse
15%
CRY1994ColombieMDCJefferson Lerma
15%
BHA1992Pays-BasDDJoël Veltman
15%
BHA2004ParaguayMOC/AGJulio Enciso
15%
FFC1995Pays-BasDDKenny Tete
15%
BRE1998NorvègeDCKristoffer Ajer
15%
NUFC2006AngleterreMCLewis Miley
15%
AFCB1999ColombieAGLuis Sinisterra
15%
NFO1994Etats-UnisGMatt Turner
15%
BRE2000DanemarkAGMikkel Damsgaard
15%
AFCB2003HongrieDGMikos Kerkez
15%
BRE1996FranceACNeal Maupay
15%
AFCB1989BrésilGNeto
15%
NFO2000PortugalDGNuno Tavares
15%
TOT2000AngleterreMDCOliver Skipp
15%
WOL2000PortugalADPedro Neto
15%
FFC1991MexiqueACRaul Jimenez
15%
AFCB1998FranceMOC/MDRomain Faivre
15%
BRE1993IranMOCSaman Ghoddos
15%
AFCB1999Etats-UnisMDCTyler Adams
15%
FFC1988BrésilAGWillian
15%
MUFC2004FranceDCWilly Kambwala
15%
WHU1989AngleterreDGAaron Cresswell
10%
AFCB2003AngleterreMCAlew Scott
10%
CHE2003AngleterreDCAlfie Gilchrist
10%
NFO2002SuèdeAG/ADAntony Elanga
10%
EVE1998AngleterreDCBen Godfrey
10%
BRE1989AngleterreDCBen Mee
10%
FFC1992AllemagneGBernd Leno
10%
NFO2000AngleterreAGCallum Hudson-Odoi
10%
CRY2000Etats-UnisDCChris Richards
10%
CRY1996ColombieDDDaniel Munoz
10%
NFO2001BrésilMCDanilo
10%
NFO1995BelgiqueACDivock Origi
10%
EVE1999AngleterreAGDwight McNeil
10%
BRE1993JamaïqueDCEthan Pinnock
10%
FFC1997SénégalDGFode Ballo-Touré
10%
NFO1997ArgentineDDGonzalo Montiel
10%
BHA2005AngleterreMDCJack Hinshelwood
10%
NUFC1995AngleterreADJacob Murphy
10%
EVE1992AngleterreDCJames Tarkowski
10%
BFC2002AngleterreGJames Trafford
10%
BHA2000Pays-BasDCJean Paul Van Hecke
10%
CRY1992GhanaMGJeffrey Schlupp
10%
AFCB1999Pays-BasAGJustin Kluivert
10%
BRE2001AllemagneADKevin Schade
10%
AVFC1995AngleterreDCKortney Hause
10%
BFC2000Afrique du SudACLyle Foster
10%
CRY2000AngleterreDCMarc Guéhi
10%
CHE1992AngleterreGMarcus Bettinelli
10%
WOL1999BrésilAC/2ndMatheus Cunha
10%
BRE1996DanemarkMCMathias Jensen
10%
WOL1992IrlandeDDMatt Doherty
10%
NUFC1995AngleterreDGMatt Targett
10%
NFO1992BelgiqueGMatz Sels
10%
WOL1997AngleterreDCMax Kilman
10%
EVE1993AngleterreDCMichael Keane
10%
WOL2005IrlandeACNathan Fraser
10%
NFO1996NigériaDDOla Aina
10%
WOL1992EspagneADPablo Sarabia
10%
BRE1997AngleterreDGRico Henry
10%
FFC2001BrésilACRodrigo Muniz
10%
CRY1993AngleterreGSam Johnstone
10%
BFC1998NorvègeMDCSander Berge
10%
NFO1997NigériaACTaiwo Awoniyi
10%
BRE1973DanemarkCoachThomas Frank
10%
BRE1995AlbanieGThomas Strakosha
10%
FFC1995BelgiqueDDTimothy Castagne
10%
FFC1987Etats-UnisDCTim Ream
10%
BFC1999BrésilDDVitinho
10%
NFO1991Cote d'IvoireDCWilly Boly
10%
BRE2002EcosseDDAaron Hickey
5%
BHA1988AngleterreMOCAdam Lallana
5%
TOT1998AngleterreGAlfie Whiteman
5%
BFC2002BelgiqueDCAmeen Al-Dakhil
5%
AFCB1997RoumanieGAndrei Radu
5%
NFO2002IrlandeDCAndrew Omobamidele
5%
AFCB2000GhanaADAntoine Semenyo
5%
BFC1998KosovoGArijanet Muric
5%
LIV2005AngleterreMCBobby Clark
5%
TOT1999AngleterreGBrandon Austin
5%
AVFC1995AngleterreDCCalum Chambers
5%
NFO1989SénégalMDCCheikhou Kouyate
5%
BRE1994DanemarkMDCChristian Norgaard
5%
WOL1990AngleterreDCCraig Dowson
5%
WHU1963EcosseCoachDavid Moyes
5%
BHA2004ArgentineMOCFacundo Buonanotte
5%
NFO1989BrésilDCFelipe
5%
BRE1998NigériaMCFrank Onyeka
5%
TOT1988AngleterreGFraser Forster
5%
BFC1999BelgiqueDCHannes Delcroix
5%
BFC2001FranceMDCHan Noah Massengo
5%
NFO1989IrlandeMCHarry Arter
5%
WOL2002EspagneDGHugo Bueno
5%
BHA1998BrésilDCIgor
5%
BFC1998DanemarkAGJacob Bruun Larsen
5%
BHA1999PologneMCJakub Moder
5%
EVE2001AngleterreMDCJames Garner
5%
EVE2002AngleterreDCJarrad Branthwaite
5%
BHA1990AngleterreGJason Steele
5%
BFC1989AngleterreACJay Rodriguez
5%
FFC1995BrésilMDCJoao Palhinha
5%
BFC1996IrlandeMCJosh Cullen
5%
BRE2001AngleterreAGKeane Lewis-Potter
5%
BFC2000FranceDDLorenz Assignon
5%
BRE1999DanemarkDDMads Roerslev
5%
NUFC1992AngleterreGMark Gillespie
5%
AFCB2000AngleterreDDMax Aarons
5%
BFC2002FranceDCMaxime Estève
5%
BFC1999BelgiqueAGMike Trésor
5%
AVFC2002AngleterreAGMorgan Rogers
5%
NFO1996FranceDCMoussa Niakhate
5%
NFO2002BrésilDCMurillo
5%
BRE2001IralndeDCNathan Collins
5%
NFO1998ArgentineMCNicolas Dominguez
5%
NFO1994GrèceGOdysseas Vlachodimos
5%
CRY1974AutricheCoachOliver Glasner
5%
NUFC1991Pays de GallesDCPaul Dummett
5%
CRY1995AngleterreDCRob Holding
5%
WOL1998UruguayDCSantiago Bueno
5%
FFC1996SerbieMCSasa Lukic
5%
EVE1971AngleterreCoachSean Dyche
5%
MUFC2004AngleterreMOCShola Shoretire
5%
AVFC2003AngleterreMCTim Iroegbunam
5%
WOL1995Pays de GallesGTom King
5%
WOL1999PortugalDCToti
5%
BHA2004ArgentineMGValentin Barco
5%
BFC1986BelgiqueCoachVincent Kompany
5%
BRE1998AllemagneMDCVitaly Janelt
5%
CRY1995AngleterreMCWill Hugues
5%
BFC2004FranceAGWilson Odobert
5%
BRE2004UkraineMOCYegor Yarmolyuk
5%
BHA1995AngleterreDCAdam Webster
0%
CRY2004AngleterreMCAdam Wharton
0%
AFCB1982EspagneCoachAndoni Iraola
0%
EVE1983AngleterreGAndy Lonergan
0%
BFC1997BelgiqueADBenson Manuel
0%
FFC1993JamaïqueMOCBobby de Cordova-Reid
0%
FFC1999NigériaDCCalvin Bassey
0%
BFC1993AngleterreDGCharlie Taylor
0%
EVE2004PortugalACChermiti
0%
AFCB1997Pays de GallesDCChris Mepham
0%
WOL1993AngleterreGDaniel Bentley
0%
BFC1999IrlandeDCDara O'Shea
0%
AFCB1987IrlandeGDarren Randolph
0%
WHU2004AngleterreACDivin Mubama
0%
BRE1999AngleterreGEllery Balcombe
0%
NUFC1994SuèdeDDEmil Krafth
0%
WOL2005ParaguayAGEnso Gonzalez
0%
WOL1983AngleterreCoachGary O'Neil
0%
NFO2002Etats-UnisMOC/ADGiovanni Reyna
0%
BRE2001IslandeGHakon Rafn Valdimarsson
0%
FFC1995AngleterreMCHarrison Reed
0%
NFO1995AngleterreDGHarry Toffolo
0%
BFC1998SuèdeDCHjalmar Ekdal
0%
AFCB2002UkraineDCIlya Zabarnyi
0%
BFC1989AngleterreMDCJack Cork
0%
EVE1996AngleterreADJack Harrison
0%
CRY1996Pays-BasMDCJairo Riedewald
0%
AFCB2002AngleterreDCJames Hill
0%
CRY1989AngleterreDCJames Tomkins
0%
WOL1998FranceMCJean-Ricner Bellegrade
0%
CRY2002AngleterreADJesurun Rak-Sakyi
0%
EVE1999PortugalGJoao Virginia
0%
AVFC2000AustralieGJoe Gauci
0%
CRY2004AngleterreGJoe Whitworth
0%
BFC1990IslandeADJohann Berg Gudmundsson
0%
BFC2000AllemagneDCJordan Beyer
0%
WHU2000AngleterreGJoseph Anang
0%
BFC1995AngleterreMCJosh Brownhill
0%
AVFC2002AngleterreDDKaine Kesler-Hayden
0%
BFC1993ChiliGLawrence Vigouroux
0%
WOL2006AngleterreACLeon Chiwome
0%
AFCB1997AngleterreMCLewis Cook
0%
EVE2003AngleterreAGLewis Dobbin
0%
AFCB1998AngleterreDCLloyd Kelly
0%
BFC2004ItalieAGLuca Koleosho
0%
AFCB1997ArgentineDCMarcos Senesi
0%
AFCB1999AngleterreAGMarcus Tavernier
0%
FFC1996SlovaquieGMarek Rodak
0%
AFCB1999AngleterreGMark Travers
0%
CRY2004BrésilMOCMatheus França
0%
NUFC1989EcosseMC/MGMatt Ritchie
0%
CRY2002FranceMCNaouirou Ahamada
0%
EVE2001EcosseDDNathan Patterson
0%
BFC1994AngleterreADNathan Redmond
0%
AFCB1996DanemarkMCPhilip Billing
0%
CRY1994AngleterreGRémi Matthews
0%
NFO2005PortugalACRodrigo Ribeiro
0%
AFCB1995EcosseMOCRyan Christie
0%
AFCB1992AngleterreDDRyan Fredericks
0%
BRE2003AngleterreMCRyan Trevitt
0%
NFO1997AngleterreMCRyan Yates
0%
BRE1998GrenadeMCShandon Baptiste
0%
BHA1994AngleterreADSolly March
0%
FFC1998AllemagneGSteven Benda
0%
FFC1991EcosseMCTom Cairney
0%
BHA2000CanadaGTom McGill
0%
WOL2001AngleterreMCTommy Doyle
0%
FFC1997AngleterreDCTosin Aradabioyo
0%
EVE2003AngleterreMCTyler Onyango
0%
CRY1999AngleterreDGTyrick Mitchell
0%
NFO1987Pays de GallesGWayne Hennessey
0%
BRE2006TurquieMDCYunus Emre Konak
0%
BRE1990DanemarkDCZanka
0%
BFC2000SuisseACZeki Amdouni
0%

Distribution des résultats

Percentile par nombre de réponses

% des personnes avec chaque résultat

Votre développement - résultats

Vous n’avez pas pris ce quiz